Statistiken für Kollegah Alben (Spotify) 2005-2021

Klicken Sie hier um das Quiz zu spielen!

Allgemein

  • Dieses Quiz wurde 82 mal gespielt
  • Das Durchschnittsergebnis liegt bei 10 aus 19

Antwortstatistiken

Release JahrAlbum Name% Korrekt
2014King
88%
2007Alphagene
77%
2015Zuhältertape Vol. 4
77%
2009Zuhältertape, Vol.3
76%
2011Bossaura
75%
2016Imperator
71%
2008Kollegah
71%
2018Monument
65%
2006Boss der Bosse
63%
2016Hoodtape 2
48%
2005Zuhältertape (X-Mas Edition)
48%
2010Hoodtape, Vol.1 X-Mas Edition
44%
2018Jung Brutal Gutaussehend 3
43%
2019Alphagene II
33%
2018Platin war gestern
32%
2021Natural Born Killas
27%
2020Golden Era Tourtape
15%
2018Freetracks Compliation
12%
2017Lyrik Lounge Compliation
9%

Verteilung der Resultate

Perzentil nach korrekt beantworteten Fragen

Anzahl Personen mit jedem Resultat

Ihre Resultats-Entwicklung

Sie haben dieses Quiz noch nicht gespielt